[Event "33. Copenhagen Open (Politiken Cup)"]
[Site "Elsinore"]
[Date "2011.08.03"]
[Round "6"]
[White "Brorsen, Jacob Abildlund"]
[Black "Storch, Dominik"]
[Result "1/2-1/2"]
[WhiteElo "2061"]
[BlackElo "1883"]
[PlyCount "153"]
[EventDate "2011.07.30"]
[EventType "swiss"]
[EventRounds "10"]
[EventCountry "DEN"]
[Source "ChessBase"]
[SourceDate "2011.08.29"]

1. d4 f5 2. c4 e6 3. g3 d5 4. Bg2 Nf6 5. Nf3 Bd6 6. O-O O-O 7. Qb3 c6 8. Rd1
Qe7 9. Nc3 Nbd7 10. Bg5 h6 11. Bf4 Bxf4 12. gxf4 Ne4 13. cxd5 exd5 14. e3 Ndf6
15. Ne5 Qe8 16. f3 Nd6 17. Ne2 Be6 18. Ng3 Nh5 19. Rd2 g5 20. fxg5 hxg5 21.
Nxh5 Qxh5 22. f4 g4 23. Qb4 Rad8 24. Rc2 Rf6 25. Qe1 Rh6 26. Qg3 Kh7 27. b4 a6
28. a4 Re8 29. Rb1 Re7 30. Rbb2 Bd7 31. Rc3 Be8 32. Bh1 Rg7 33. Bg2 Re7 34. Rc1
Rg7 35. Rd2 Re7 36. Re1 Rg7 37. Ra2 Re7 38. Nd3 Rg7 39. Nc5 Re7 40. Nb3 Rg7 41.
Nd2 Re7 42. Rc1 Rg7 43. Nf1 Re7 44. Qe1 Rg7 45. Qc3 Qh4 46. Qe1 Qh5 47. Rcc2
Re7 48. Qc3 Qh4 49. Re2 Rg7 50. Qc5 Qh5 51. Qb6 Qh4 52. Qc5 Qh5 53. Rec2 Qh4
54. b5 axb5 55. axb5 Nxb5 56. Ra8 Qe7 57. Qb6 Re6 58. Rca2 Qc7 59. Qc5 Qe7 60.
Qc2 Bg6 61. Rb8 Nd6 62. Raa8 Ne8 63. Qb3 Kh6 64. Ra7 Nd6 65. Kf2 Qh4+ 66. Ng3
Rge7 67. Rh8+ Bh7 68. Qb4 Qxh2 69. Ra1 Kg7 70. Rd8 Ne4+ 71. Nxe4 Rxe4 72. Rh1
Rxf4+ 73. exf4 Qxf4+ 74. Kg1 Qc1+ 75. Kh2 Qf4+ 76. Kg1 Qc1+ 77. Kh2 1/2-1/2

[Event "33. Copenhagen Open (Politiken Cup)"]
[Site "Elsinore"]
[Date "2011.08.03"]
[Round "6"]
[White "Brynell, Stellan"]
[Black "Schroeder, Jan Christian"]
[Result "1-0"]
[WhiteElo "2495"]
[BlackElo "2164"]
[PlyCount "63"]
[EventDate "2011.07.30"]
[EventType "swiss"]
[EventRounds "10"]
[EventCountry "DEN"]
[Source "ChessBase"]
[SourceDate "2011.08.29"]

1. d4 d5 2. Nf3 Nf6 3. c4 e6 4. Nc3 Nbd7 5. e3 Be7 6. Bd3 dxc4 7. Bxc4 c5 8.
O-O O-O 9. Qe2 a6 10. a4 cxd4 11. exd4 Nb6 12. Bb3 Nbd5 13. Bg5 Qa5 14. Rac1
Nxc3 15. bxc3 Nd5 16. Bd2 Qc7 17. Rfe1 Bd6 18. Qe4 Bd7 19. Ne5 Nf6 20. Qh4 Bxe5
21. Rxe5 Ne8 22. Rce1 b5 23. R1e3 bxa4 24. Rh3 h6 25. Ba2 Qb7 26. Bxh6 Qb2 27.
Re1 f6 28. Bb1 f5 29. Bg5 Rb8 30. Qh7+ Kf7 31. Bxf5 Rg8 32. Bg6+ 1-0

[Event "33. Copenhagen Open (Politiken Cup)"]
[Site "Elsinore"]
[Date "2011.08.03"]
[Round "6"]
[White "Bu, Xiangzhi"]
[Black "Krasenkow, Michal"]
[Result "1/2-1/2"]
[WhiteElo "2675"]
[BlackElo "2607"]
[PlyCount "32"]
[EventDate "2011.07.30"]
[EventType "swiss"]
[EventRounds "10"]
[EventCountry "DEN"]
[Source "ChessBase"]
[SourceDate "2011.08.29"]

1. Nf3 c5 2. c4 Nf6 3. d4 cxd4 4. Nxd4 e6 5. g3 Nc6 6. Bg2 Bc5 7. Nc2 d5 8. O-O
O-O 9. Bg5 dxc4 10. Nd2 h6 11. Be3 Bxe3 12. Nxe3 c3 13. bxc3 Qc7 14. Nb3 Rd8
15. Qc1 b6 16. c4 Bb7 1/2-1/2

[Event "33. Copenhagen Open (Politiken Cup)"]
[Site "Elsinore"]
[Date "2011.08.03"]
[Round "6"]
[White "Carstensen, Jacob"]
[Black "Johansson, Thomas"]
[Result "0-1"]
[WhiteElo "2391"]
[BlackElo "2207"]
[PlyCount "60"]
[EventDate "2011.07.30"]
[EventType "swiss"]
[EventRounds "10"]
[EventCountry "DEN"]
[Source "ChessBase"]
[SourceDate "2011.08.29"]

1. d4 f5 2. g3 Nf6 3. Bg2 g6 4. Nf3 Bg7 5. O-O O-O 6. c4 d6 7. Nc3 h6 8. d5 c5
9. e4 fxe4 10. Nd2 Nbd7 11. Ndxe4 Ne5 12. Qe2 a6 13. h3 Nxe4 14. Nxe4 b5 15.
cxb5 axb5 16. f4 Nd7 17. Re1 b4 18. Nd2 Rf7 19. Be4 Nf8 20. Nc4 Ra7 21. g4 e6
22. Qd3 Qh4 23. Be3 exd5 24. Bxd5 Qg3+ 25. Bg2 Rxf4 26. Nxd6 Rd4 27. Bxd4 Qxd3
28. Bxg7 Qxd6 29. Rad1 Qxd1 30. Rxd1 Kxg7 0-1

[Event "33. Copenhagen Open (Politiken Cup)"]
[Site "Elsinore"]
[Date "2011.08.03"]
[Round "6"]
[White "Celander, Adam"]
[Black "Larsen, Arne Walther"]
[Result "0-1"]
[WhiteElo "2006"]
[BlackElo "1851"]
[PlyCount "63"]
[EventDate "2011.07.30"]
[EventType "swiss"]
[EventRounds "10"]
[EventCountry "DEN"]
[Source "ChessBase"]
[SourceDate "2011.08.29"]

1. e4 c5 2. Nf3 Nc6 3. d4 cxd4 4. Nxd4 Nf6 5. Nc3 g6 6. Be3 Bg7 7. Bc4 O-O 8.
Nb3 Ne5 9. Be2 d6 10. f4 Neg4 11. Bg1 e5 12. h3 Nh6 13. g4 exf4 14. g5 Nxe4 15.
Nxe4 Nf5 16. c3 Re8 17. Qd3 d5 18. O-O-O Qe7 19. Qxd5 Be6 20. Qc5 Bxb3 21. Qxe7
Rxe7 22. axb3 Rxe4 23. Bf3 Re5 24. Bxb7 Rb8 25. Rd7 Re1+ 26. Kd2 Rbe8 27. Bf3
Ng3 28. Bf2 Rxh1 29. Bxg3 Rxh3 30. Bd5 fxg3 31. Bxf7+ Kh8 32. Bxe8 0-1

[Event "33. Copenhagen Open (Politiken Cup)"]
[Site "Elsinore"]
[Date "2011.08.03"]
[Round "6"]
[White "Christensen, Casper"]
[Black "Rasmussen, Ole H"]
[Result "1-0"]
[WhiteElo "1937"]
[BlackElo "1769"]
[PlyCount "75"]
[EventDate "2011.07.30"]
[EventType "swiss"]
[EventRounds "10"]
[EventCountry "DEN"]
[Source "ChessBase"]
[SourceDate "2011.08.29"]

1. e4 c5 2. Nf3 Nc6 3. d4 cxd4 4. Nxd4 Nf6 5. Nc3 a6 6. Be3 g6 7. f3 Bg7 8. Qd2
O-O 9. O-O-O Qc7 10. Bh6 b5 11. Kb1 b4 12. Nce2 Bxh6 13. Qxh6 e5 14. Nf5 gxf5
15. Qxf6 fxe4 16. Ng3 Qd8 17. Qh6 f5 18. fxe4 Qf6 19. Bc4+ Kh8 20. Qxf6+ Rxf6
21. Nxf5 a5 22. g4 d6 23. g5 Rg6 24. Bd5 Ra6 25. Bxc6 Rxc6 26. Ne7 Bg4 27. Rdf1
Rc7 28. Nxg6+ hxg6 29. Rf6 Bh3 30. Rxg6 Bg2 31. Re1 Rd7 32. h4 Bf3 33. h5 Kh7
34. Rf6 Bg4 35. Rg1 Be2 36. g6+ Kg7 37. Rf7+ Rxf7 38. gxf7+ 1-0

[Event "33. Copenhagen Open (Politiken Cup)"]
[Site "Elsinore"]
[Date "2011.08.03"]
[Round "6"]
[White "Christensen, Janus"]
[Black "Krokay, Urszula"]
[Result "1-0"]
[WhiteElo "2127"]
[BlackElo "1940"]
[PlyCount "65"]
[EventDate "2011.07.30"]
[EventType "swiss"]
[EventRounds "10"]
[EventCountry "DEN"]
[Source "ChessBase"]
[SourceDate "2011.08.29"]

1. e4 e5 2. Nf3 Nc6 3. Bb5 a6 4. Ba4 b5 5. Bb3 Nf6 6. d4 exd4 7. e5 Ng4 8. O-O
d5 9. h3 Nh6 10. c3 Be7 11. cxd4 Nf5 12. Nc3 Be6 13. a4 b4 14. Ne2 Nh4 15. Nxh4
Bxh4 16. f4 Bf5 17. Kh2 h5 18. Be3 Qd7 19. Rc1 Be7 20. Ng3 Bg6 21. f5 h4 22.
Ne2 Bh5 23. Qd3 Na5 24. Ba2 b3 25. Bb1 Nc4 26. Nf4 Nxe3 27. Qxe3 Bg5 28. Qxb3
O-O 29. Nxh5 Bxc1 30. Rxc1 Rfb8 31. Qc2 Rb4 32. Qd2 Qd8 33. Qxb4 1-0

[Event "33. Copenhagen Open (Politiken Cup)"]
[Site "Elsinore"]
[Date "2011.08.03"]
[Round "6"]
[White "Clausen, Hans Jorgen"]
[Black "Petersen, Jan Han"]
[Result "1-0"]
[WhiteElo "1675"]
[BlackElo "1396"]
[PlyCount "89"]
[EventDate "2011.07.30"]
[EventType "swiss"]
[EventRounds "10"]
[EventCountry "DEN"]
[Source "ChessBase"]
[SourceDate "2011.08.29"]

1. d4 d5 2. Nf3 Nf6 3. e3 Bg4 4. c4 e6 5. c5 Nc6 6. Bb5 Bxf3 7. Bxc6+ bxc6 8.
Qxf3 Rb8 9. Nd2 Be7 10. Qe2 Qc8 11. Nf3 Nd7 12. Qc2 Qa6 13. Bd2 Bf6 14. Bc3 O-O
15. Qe2 Qb5 16. a4 Qxe2+ 17. Kxe2 Rb3 18. Nd2 Rb7 19. f4 Rfb8 20. h4 Be7 21. g3
Nf6 22. Kf3 h5 23. Rhb1 Ng4 24. b4 Nf6 25. Nb3 Ne4 26. Be1 Rxb4 27. Bxb4 Rxb4
28. Rb2 Rxb3 29. Rxb3 Nd2+ 30. Ke2 Nxb3 31. Rb1 Na5 32. Rb8+ Bf8 33. Rc8 Nc4
34. Rxc7 a5 35. Rxc6 Nb2 36. Ra6 Nxa4 37. Rxa5 Nc3+ 38. Kd3 Ne4 39. Ra8 Nf6 40.
c6 Ne4 41. c7 Nd6 42. Rd8 f6 43. Rxd6 Bxd6 44. c8=Q+ Kh7 45. Qxe6 1-0

[Event "33. Copenhagen Open (Politiken Cup)"]
[Site "Elsinore"]
[Date "2011.08.03"]
[Round "6"]
[White "Dyrhaug, Sverre S"]
[Black "Hansen, Erik Friberg"]
[Result "1/2-1/2"]
[WhiteElo "1019"]
[BlackElo "1539"]
[PlyCount "35"]
[EventDate "2011.07.30"]
[EventType "swiss"]
[EventRounds "10"]
[EventCountry "DEN"]
[Source "ChessBase"]
[SourceDate "2011.08.29"]

1. e4 d5 2. exd5 Qxd5 3. Nc3 Qa5 4. d4 c6 5. Nf3 Bg4 6. Be2 Nf6 7. Bd2 Qc7 8.
h3 Bh5 9. Ne5 Bxe2 10. Qxe2 e6 11. Ne4 Nxe4 12. Qxe4 Bd6 13. Bf4 Nd7 14. Nd3
Nf6 15. Bxd6 Qa5+ 16. Bb4 Qxb4+ 17. Nxb4 Nxe4 18. Nd3 1/2-1/2

[Event "33. Copenhagen Open (Politiken Cup)"]
[Site "Elsinore"]
[Date "2011.08.03"]
[Round "6"]
[White "Eriksson, Christian Altenburg"]
[Black "Madison, Sigurd"]
[Result "1-0"]
[WhiteElo "2129"]
[BlackElo "1749"]
[PlyCount "63"]
[EventDate "2011.07.30"]
[EventType "swiss"]
[EventRounds "10"]
[EventCountry "DEN"]
[Source "ChessBase"]
[SourceDate "2011.08.29"]

1. e4 e5 2. Nf3 Nc6 3. Bb5 Nf6 4. O-O Be7 5. Nc3 d6 6. d4 exd4 7. Nxd4 Bd7 8.
Re1 Nxd4 9. Bxd7+ Qxd7 10. Qxd4 O-O 11. f3 Rfe8 12. Be3 c6 13. Rad1 Qe6 14. b3
Nd7 15. Ne2 Ne5 16. Nf4 Qf6 17. Qd2 a5 18. a4 Qh4 19. Ne2 Bf6 20. Bf2 Qh5 21.
Kh1 Re6 22. Nf4 Qg5 23. Nxe6 Qxd2 24. Rxd2 fxe6 25. Rxd6 Kf7 26. Bg3 Re8 27.
Red1 Re7 28. Be1 b6 29. f4 Ng6 30. e5 Bxe5 31. fxe5 Nxe5 32. Bg3 1-0

[Event "33. Copenhagen Open (Politiken Cup)"]
[Site "Elsinore"]
[Date "2011.08.03"]
[Round "6"]
[White "Erikstad, Olav Age"]
[Black "Johansson, Anders"]
[Result "1/2-1/2"]
[WhiteElo "1844"]
[BlackElo "2089"]
[PlyCount "88"]
[EventDate "2011.07.30"]
[EventType "swiss"]
[EventRounds "10"]
[EventCountry "DEN"]
[Source "ChessBase"]
[SourceDate "2011.08.29"]

1. e4 c5 2. c3 d5 3. exd5 Qxd5 4. d4 Nf6 5. Nf3 Bg4 6. Nbd2 Nc6 7. Bc4 Bxf3 8.
Qb3 Na5 9. Qb5+ Qd7 10. Nxf3 Nxc4 11. Qxc4 cxd4 12. Nxd4 e6 13. O-O Be7 14. Bg5
O-O 15. Rad1 Qd5 16. Qxd5 Nxd5 17. Bxe7 Nxe7 18. Rfe1 Rfd8 19. Nb5 a6 20. Nd6
Rd7 21. Nf5 Rad8 22. Rxd7 Rxd7 23. Nxe7+ Rxe7 24. Rd1 g5 25. Kf1 Kg7 26. Ke2
Kf6 27. Kf3 Ke5 28. Rd4 h5 29. Re4+ Kf5 30. Rd4 e5 31. Rd5 Ke6 32. Rd8 Rd7 33.
Rxd7 Kxd7 34. Ke4 Ke6 35. c4 f5+ 36. Ke3 a5 37. b3 h4 38. f3 Kd6 39. Kd3 b6 40.
g4 hxg3 41. hxg3 a4 42. b4 a3 43. Kc3 Kc6 44. Kd3 Kd6 1/2-1/2

[Event "33. Copenhagen Open (Politiken Cup)"]
[Site "Elsinore"]
[Date "2011.08.03"]
[Round "6"]
[White "Frederiksen, Jens"]
[Black "Svane, Frederik"]
[Result "0-1"]
[WhiteElo "1876"]
[BlackElo "1699"]
[PlyCount "102"]
[EventDate "2011.07.30"]
[EventType "swiss"]
[EventRounds "10"]
[EventCountry "DEN"]
[Source "ChessBase"]
[SourceDate "2011.08.29"]

1. e4 c5 2. Bc4 e6 3. Nc3 a6 4. a4 Nc6 5. f4 Nf6 6. e5 Ng8 7. Nf3 Nge7 8. Ne4
Nf5 9. c3 d5 10. exd6 Nxd6 11. Qe2 Nxc4 12. Qxc4 Qd5 13. d3 Na5 14. Qxd5 exd5
15. Ned2 Bd6 16. g3 O-O 17. Kf2 Bf5 18. d4 c4 19. Re1 Rfe8 20. Re3 Rxe3 21.
Kxe3 Re8+ 22. Kf2 f6 23. Ra2 Bd3 24. Ng1 h5 25. Ndf3 Nb3 26. Be3 Bb1 27. Ra3
Bxa3 28. bxa3 Na5 29. Ne1 Nc6 30. Ngf3 Nb8 31. Nd2 Bf5 32. Ndf3 Nd7 33. a5 Nb8
34. Nh4 Bb1 35. h3 Nc6 36. g4 hxg4 37. hxg4 Nxa5 38. Nf5 g6 39. Nh4 Nc6 40. g5
fxg5 41. fxg5 Na7 42. a4 Nc6 43. Nhf3 Kg7 44. Ne5 Nxe5 45. dxe5 Kf7 46. Nf3 Be4
47. Bd4 Bxf3 48. Kxf3 Ke6 49. Kg4 Rf8 50. Kh4 Rf4+ 51. Kg3 Rxd4 0-1

[Event "33. Copenhagen Open (Politiken Cup)"]
[Site "Elsinore"]
[Date "2011.08.03"]
[Round "6"]
[White "Frisvold, Ole Emil"]
[Black "Jacobsen, Per"]
[Result "1-0"]
[WhiteElo "1983"]
[BlackElo "1670"]
[PlyCount "73"]
[EventDate "2011.07.30"]
[EventType "swiss"]
[EventRounds "10"]
[EventCountry "DEN"]
[Source "ChessBase"]
[SourceDate "2011.08.29"]

1. d4 f5 2. Nf3 Nf6 3. g3 g6 4. Bg2 Bg7 5. O-O d5 6. Bf4 c6 7. Qc1 O-O 8. Bh6
Qb6 9. Bxg7 Kxg7 10. Nbd2 Nbd7 11. c4 e6 12. e3 Re8 13. Qc3 Qc7 14. b4 b6 15.
Rfc1 Bb7 16. c5 b5 17. a4 a6 18. axb5 axb5 19. Nb3 Ne4 20. Qb2 h6 21. Rxa8 Rxa8
22. Ra1 Rxa1+ 23. Qxa1 Qb8 24. Ne5 Nxe5 25. dxe5 Qa8 26. Qxa8 Bxa8 27. Bxe4
dxe4 28. Nd4 Kf7 29. g4 Bb7 30. h4 fxg4 31. Kg2 h5 32. Kg3 Ke7 33. Kf4 Kf7 34.
Kg5 Bc8 35. Ne2 Bd7 36. Nf4 Be8 37. Nxg6 1-0

[Event "33. Copenhagen Open (Politiken Cup)"]
[Site "Elsinore"]
[Date "2011.08.03"]
[Round "6"]
[White "Giffard, Nicolas"]
[Black "Schultz Pedersen, Jesper"]
[Result "1/2-1/2"]
[WhiteElo "2342"]
[BlackElo "2177"]
[PlyCount "54"]
[EventDate "2011.07.30"]
[EventType "swiss"]
[EventRounds "10"]
[EventCountry "DEN"]
[Source "ChessBase"]
[SourceDate "2011.08.29"]

1. d4 d5 2. Nf3 c5 3. g3 cxd4 4. Nxd4 e5 5. Nb3 Nc6 6. Bg2 Be6 7. O-O Nf6 8.
Bg5 Be7 9. Bxf6 Bxf6 10. Nc5 O-O 11. Nxe6 fxe6 12. e4 Qb6 13. b3 Rad8 14. c3
dxe4 15. Qe2 e3 16. Qxe3 Qxe3 17. fxe3 Bg5 18. Rxf8+ Rxf8 19. Na3 Bxe3+ 20. Kh1
Bd2 21. c4 Rf2 22. Nb5 Be3 23. Nd6 Bd4 24. Rb1 Nd8 25. a4 b6 26. Nb5 a5 27. Nd6
Kf8 1/2-1/2

[Event "33. Copenhagen Open (Politiken Cup)"]
[Site "Elsinore"]
[Date "2011.08.03"]
[Round "6"]
[White "Guttulsrud, Odd Martin"]
[Black "Kyrkjebo, Erlend"]
[Result "1-0"]
[WhiteElo "2177"]
[BlackElo "1953"]
[PlyCount "47"]
[EventDate "2011.07.30"]
[EventType "swiss"]
[EventRounds "10"]
[EventCountry "DEN"]
[Source "ChessBase"]
[SourceDate "2011.08.29"]

1. e4 c5 2. Nf3 Nc6 3. d4 cxd4 4. Nxd4 g6 5. c4 Nf6 6. Nc3 Nxd4 7. Qxd4 d6 8.
Be3 Bg7 9. f3 O-O 10. Qd2 Bd7 11. Rc1 Bc6 12. b4 b6 13. Be2 a5 14. a3 axb4 15.
axb4 Nd7 16. O-O Ra3 17. Nd5 e6 18. Nc3 Be5 19. Bd4 Qe7 20. Rfd1 Nf6 21. Bxe5
dxe5 22. Qd6 Qb7 23. b5 Be8 24. Qxa3 1-0

[Event "33. Copenhagen Open (Politiken Cup)"]
[Site "Elsinore"]
[Date "2011.08.03"]
[Round "6"]
[White "Hald, Morten Hansen"]
[Black "Larsen, Poul M"]
[Result "1-0"]
[WhiteElo "1829"]
[BlackElo "1653"]
[PlyCount "71"]
[EventDate "2011.07.30"]
[EventType "swiss"]
[EventRounds "10"]
[EventCountry "DEN"]
[Source "ChessBase"]
[SourceDate "2011.08.29"]

1. e4 c6 2. d4 d5 3. exd5 Qxd5 4. Nc3 Qd8 5. Bc4 Bf5 6. Nf3 e6 7. O-O Nf6 8. b3
Be7 9. Bb2 O-O 10. Re1 Nd5 11. a3 Nd7 12. Ne4 N7b6 13. Ng3 Bg6 14. Qd2 Bh4 15.
Bf1 Bf6 16. c4 Nc7 17. Ne4 Nd7 18. Nxf6+ Nxf6 19. Bd3 Bxd3 20. Qxd3 b5 21. Re3
Ng4 22. Re2 a6 23. Qe4 Nh6 24. Qxc6 Qc8 25. Qe4 Ne8 26. c5 Nf6 27. Qd3 Nd5 28.
g3 Nf5 29. Qc2 Nfe7 30. Ng5 g6 31. h4 Qc6 32. Ne4 Nc8 33. Qd2 Kg7 34. Bc1 f5
35. Qh6+ Kf7 36. Ng5+ 1-0

[Event "33. Copenhagen Open (Politiken Cup)"]
[Site "Elsinore"]
[Date "2011.08.03"]
[Round "6"]
[White "Hansen, Anders1"]
[Black "Simonsen, Per"]
[Result "0-1"]
[WhiteElo "1721"]
[BlackElo "1912"]
[PlyCount "82"]
[EventDate "2011.07.30"]
[EventType "swiss"]
[EventRounds "10"]
[EventCountry "DEN"]
[Source "ChessBase"]
[SourceDate "2011.08.29"]

1. Nf3 Nf6 2. b3 c5 3. Bb2 d5 4. d3 Nc6 5. g3 Qc7 6. Bg2 e5 7. O-O Bg4 8. Nbd2
Be7 9. Re1 Rd8 10. Qc1 h5 11. h4 Nh7 12. a3 g5 13. e4 d4 14. c3 gxh4 15. cxd4
hxg3 16. fxg3 cxd4 17. Nc4 Bxf3 18. Bxf3 Bg5 19. Qd1 Nf6 20. Bc1 Rg8 21. Bxh5
Bh4 22. Rf1 Nxh5 23. Qxh5 Bxg3 24. Kh1 Qe7 25. Bh6 Qh4+ 26. Qxh4 Bxh4 27. Rg1
Ke7 28. Bg7 f6 29. Bh6 Bg5 30. Bxg5 Rh8+ 31. Kg2 Rdg8 32. Raf1 Rxg5+ 33. Kf3
Rh3+ 34. Ke2 Rh2+ 35. Kf3 b5 36. Rxg5 fxg5 37. Rc1 bxc4 38. Rxc4 Kd6 39. b4 Rd2
40. a4 Rxd3+ 41. Kg4 Rc3 0-1

[Event "33. Copenhagen Open (Politiken Cup)"]
[Site "Elsinore"]
[Date "2011.08.03"]
[Round "6"]
[White "Hansen, Mads"]
[Black "Bulski, Krzysztof"]
[Result "0-1"]
[WhiteElo "2224"]
[BlackElo "2479"]
[PlyCount "82"]
[EventDate "2011.07.30"]
[EventType "swiss"]
[EventRounds "10"]
[EventCountry "DEN"]
[Source "ChessBase"]
[SourceDate "2011.08.29"]

1. e4 c5 2. c3 d5 3. exd5 Qxd5 4. d4 Nf6 5. Nf3 e6 6. Na3 a6 7. Nc4 Nbd7 8. Be2
cxd4 9. Qxd4 Bc5 10. Qxd5 Nxd5 11. a4 b6 12. O-O Bb7 13. Bd2 Be7 14. Rfd1 Rc8
15. b4 f6 16. Nd4 Kf7 17. Rac1 g6 18. Nb3 Rc7 19. Nb2 Rhc8 20. b5 a5 21. c4 Nb4
22. Be3 Be4 23. Rxd7 Rxd7 24. Bxb6 Na2 25. Ra1 Nc3 26. Kf1 Bb4 27. c5 Nxe2 28.
Kxe2 Bd5 29. Nxa5 Bxc5 30. Nbc4 Bb4 31. Ne3 Be4 32. Nb3 e5 33. Ba5 Bd3+ 34. Kf3
e4+ 35. Kg3 Bd6+ 36. Kh3 f5 37. g3 Be5 38. Ra2 g5 39. Nd2 f4 40. Ng4 Bd4 41.
Nb1 Bf1# 0-1

[Event "33. Copenhagen Open (Politiken Cup)"]
[Site "Elsinore"]
[Date "2011.08.03"]
[Round "6"]
[White "Haubro, Martin"]
[Black "Molvig, Henrik"]
[Result "0-1"]
[WhiteElo "2040"]
[BlackElo "2195"]
[PlyCount "52"]
[EventDate "2011.07.30"]
[EventType "swiss"]
[EventRounds "10"]
[EventCountry "DEN"]
[Source "ChessBase"]
[SourceDate "2011.08.29"]

1. e4 c5 2. Nf3 d6 3. d4 cxd4 4. Nxd4 Nf6 5. Nc3 a6 6. Bg5 e6 7. f4 Nbd7 8. Qf3
Qc7 9. O-O-O Be7 10. Bd3 h6 11. e5 hxg5 12. exf6 Bxf6 13. Nxe6 fxe6 14. Bg6+
Kd8 15. Ne4 Be7 16. Rhe1 gxf4 17. Qxf4 d5 18. Qf7 Ne5 19. Rxd5+ exd5 20. Qxd5+
Bd7 21. Bf5 Kc8 22. Bxd7+ Nxd7 23. Re3 Qf4 24. Kd2 Rd8 25. Ke2 Nc5 26. Qc4 Kb8
0-1

[Event "33. Copenhagen Open (Politiken Cup)"]
[Site "Elsinore"]
[Date "2011.08.03"]
[Round "6"]
[White "Hauge, Lars Oskar"]
[Black "Sturt, Raven M"]
[Result "0-1"]
[WhiteElo "2052"]
[BlackElo "2231"]
[PlyCount "44"]
[EventDate "2011.07.30"]
[EventType "swiss"]
[EventRounds "10"]
[EventCountry "DEN"]
[Source "ChessBase"]
[SourceDate "2011.08.29"]

1. e4 c6 2. d4 d5 3. e5 Bf5 4. Nc3 e6 5. g4 Bg6 6. Nge2 c5 7. Be3 Nc6 8. dxc5
Nxe5 9. Nf4 a6 10. h4 d4 11. Nxg6 hxg6 12. Bf4 Qf6 13. Bxe5 Qxe5+ 14. Ne2 Qd5
15. Ng3 Bxc5 16. Be2 Nf6 17. Bf3 Qd7 18. Kf1 Nd5 19. Ne4 Bb6 20. Qd2 O-O-O 21.
c4 dxc3 22. Nxc3 Ne3+ 0-1

[Event "33. Copenhagen Open (Politiken Cup)"]
[Site "Elsinore"]
[Date "2011.08.03"]
[Round "6"]
[White "Hedlerfog, Robert"]
[Black "Percivaldi, Martin"]
[Result "0-1"]
[WhiteElo "2006"]
[BlackElo "1838"]
[PlyCount "80"]
[EventDate "2011.07.30"]
[EventType "swiss"]
[EventRounds "10"]
[EventCountry "DEN"]
[Source "ChessBase"]
[SourceDate "2011.08.29"]

1. d4 d5 2. b4 Bf5 3. e3 e6 4. a3 Nf6 5. Bd3 Bxd3 6. Qxd3 c6 7. Nd2 Nbd7 8. f4
a5 9. b5 c5 10. c4 cxd4 11. exd4 dxc4 12. Nxc4 Nb6 13. Nxb6 Qxb6 14. h3 Rd8 15.
Ne2 Be7 16. Rb1 Nd5 17. g4 h5 18. g5 g6 19. h4 Bf8 20. O-O Bg7 21. Qe4 O-O 22.
Bd2 Ne7 23. Be3 Nf5 24. Bf2 Qc7 25. b6 Qd7 26. Rfd1 Ne7 27. Be1 Qd5 28. Qc2 Nc6
29. Nc3 Bxd4+ 30. Kh2 Qc5 31. Rb5 Qe7 32. Ne4 Qxa3 33. Rd3 Qe7 34. Ng3 a4 35.
f5 exf5 36. Rxf5 Qxe1 37. Rf1 Qe5 38. Rdf3 Ne7 39. Kg2 Nd5 40. Qxg6+ fxg6 0-1

[Event "33. Copenhagen Open (Politiken Cup)"]
[Site "Elsinore"]
[Date "2011.08.03"]
[Round "6"]
[White "Hendriks, Willy"]
[Black "Pedersen, Gunnar"]
[Result "1-0"]
[WhiteElo "2415"]
[BlackElo "2218"]
[PlyCount "73"]
[EventDate "2011.07.30"]
[EventType "swiss"]
[EventRounds "10"]
[EventCountry "DEN"]
[Source "ChessBase"]
[SourceDate "2011.08.29"]

1. e4 c5 2. Nf3 e6 3. c3 d5 4. e5 d4 5. Bd3 Ne7 6. O-O Nd7 7. Re1 g6 8. Na3 Bg7
9. Nc4 O-O 10. a4 Rb8 11. Be4 f5 12. Bb1 Nc6 13. d3 h6 14. h4 Kh7 15. Bf4 Nb6
16. Nxb6 Qxb6 17. Qe2 Bd7 18. Ba2 Qd8 19. g3 Qe7 20. Rec1 dxc3 21. bxc3 Rfc8
22. Qe3 Na5 23. d4 Bc6 24. h5 c4 25. hxg6+ Kxg6 26. Nd2 Bd5 27. Rcb1 Rc7 28.
Rb5 b6 29. Rab1 Rbc8 30. Rxd5 exd5 31. Rb5 Qa3 32. Bb1 Qxa4 33. Rxd5 Rc6 34.
Kg2 Qd1 35. e6 Kh7 36. Bxf5+ Kh8 37. e7 1-0

[Event "33. Copenhagen Open (Politiken Cup)"]
[Site "Elsinore"]
[Date "2011.08.03"]
[Round "6"]
[White "Henningsen, Lasse"]
[Black "Johansen, Johnny Holler"]
[Result "1/2-1/2"]
[WhiteElo "1670"]
[BlackElo "1998"]
[PlyCount "57"]
[EventDate "2011.07.30"]
[EventType "swiss"]
[EventRounds "10"]
[EventCountry "DEN"]
[Source "ChessBase"]
[SourceDate "2011.08.29"]

1. d4 d5 2. c4 c6 3. Nc3 Nf6 4. Nf3 e6 5. Bg5 dxc4 6. a4 Bb4 7. g3 Nbd7 8. Bg2
Qa5 9. O-O Bxc3 10. bxc3 Qxc3 11. Ne5 Nxe5 12. Rc1 Qa5 13. dxe5 Qxe5 14. Bf4
Qa5 15. Qd6 Nd5 16. Rxc4 Qd8 17. Qc5 Nxf4 18. Rxf4 Bd7 19. Rd4 Qe7 20. Rd6 O-O
21. Rfd1 Be8 22. Rxc6 Qxc5 23. Rxc5 Bxa4 24. Ra1 Bc6 25. Bxc6 bxc6 26. Rxc6
Rfd8 27. Rc7 a5 28. Rc5 g6 29. Rcxa5 1/2-1/2

[Event "33. Copenhagen Open (Politiken Cup)"]
[Site "Elsinore"]
[Date "2011.08.03"]
[Round "6"]
[White "Hess, Robert L"]
[Black "Khenkin, Igor"]
[Result "1/2-1/2"]
[WhiteElo "2609"]
[BlackElo "2620"]
[PlyCount "145"]
[EventDate "2011.07.30"]
[EventType "swiss"]
[EventRounds "10"]
[EventCountry "DEN"]
[Source "ChessBase"]
[SourceDate "2011.08.29"]

1. e4 c6 2. Nc3 d5 3. d4 dxe4 4. Nxe4 Bf5 5. Ng3 Bg6 6. N1e2 e6 7. Nf4 Qc7 8.
c3 Nf6 9. h4 Bd6 10. Qf3 Nbd7 11. h5 Bc2 12. h6 g6 13. Bd3 Bxd3 14. Nxd3 Qa5
15. Bf4 Bxf4 16. Qxf4 O-O-O 17. O-O Rhf8 18. a4 Nh5 19. Qe3 Nxg3 20. fxg3 Qd5
21. b4 e5 22. dxe5 Rfe8 23. Rad1 Nxe5 24. Nf2 Nc4 25. Qxe8 Rxe8 26. Rxd5 cxd5
27. Ng4 f5 28. Nf6 Re7 29. Nxd5 Rd7 30. Nf6 Rf7 31. Ne4 Re7 32. Ng5 Kd7 33.
Rd1+ Ke8 34. a5 a6 35. Kf2 Ne3 36. Rd2 Ng4+ 37. Kf3 Nxh6 38. Re2 Nf7 39. Nxh7
Ne5+ 40. Ke3 Rxh7 41. Kf4 g5+ 42. Kxf5 Rf7+ 43. Kxg5 Re7 44. Re4 Nd3 45. Kf5
Nc1 46. g4 Na2 47. Rc4 Rf7+ 48. Kg6 Rf2 49. g5 Rxg2 50. Rc7 Kd8 51. Rxb7 Nxc3
52. Kh6 Nd5 53. b5 axb5 54. a6 Rh2+ 55. Kg7 Nc7 56. a7 Ra2 57. g6 Kc8 58. Rb8+
Kd7 59. Kf7 Rxa7 60. g7 Ra4 61. g8=Q Rf4+ 62. Kg6 Rg4+ 63. Kf5 Rxg8 64. Rxg8
Kd6 65. Ke4 Kc5 66. Rc8 Kb6 67. Kd4 Na6 68. Rh8 Ka5 69. Rh1 Nb4 70. Rh7 Kb6 71.
Rh5 Nc6+ 72. Kc3 Ka5 73. Rxb5+ 1/2-1/2